Capitals of Central America and Caribbean - Statistics

General Stats
  • This quiz has been taken 464 times
  • The average score is 10 of 13
Answer Stats
Country Capital % Correct
Mexico Mexico City
99%
Cuba Havana
91%
Panama Panama City
85%
Jamaica Kingston
81%
El Salvador San Salvador
79%
Guatemala Guatemala City
75%
Haiti Port-au-Prince
74%
Costa Rica San José
72%
Nicaragua Managua
70%
Dominican Republic Santo Domingo
67%
Belize Belmopan
63%
Puerto Rico San Juan
57%
Honduras Tegucigalpa
49%
No matching quizzes found
Score Distribution
Percent of People with Each Score
Percentile by Number Answered
Your Score History
You have not taken this quiz